00261nam a2200109Ia 4500008004100000100001800041245003100059250000800090260003700098300000800135650000800143191201s2012 xx 000 0 und d aWERNER, Jon M 0aHuman Resource Development a1st aN. DelhibCENGAGE Learningc2012 a600 aMBA